A háborús közemlékezet Hollandiában
Elmentve itt :
| Szerző: | |
|---|---|
| További közreműködők: | |
| Adatforrás: | Philobibl |
| Forrásdokumentuma: | Múlt és Jövő 18.2007:2. p. 105-115. |
| Dokumentumtípus: | Cikk |
| Nyelv: | magyar |
| Kulcsszavak: | bűn bűntudat háború |
| LEADER | 00424nab a2200145 c 4500 | ||
|---|---|---|---|
| 001 | bibPHI0035205 | ||
| 005 | 20200924123439.1 | ||
| 008 | 091001s2007 hu hun | ||
| 100 | 1 | |a Vuijsje, Herman | |
| 245 | 1 | 2 | |a A háborús közemlékezet Hollandiában |c Herman Vuijsje ; [ford. Bérczes Tibor] |
| 695 | |a bűn | ||
| 695 | |a bűntudat | ||
| 695 | |a háború | ||
| 700 | 1 | |a Bérczes Tibor | |
| 773 | 0 | |t Múlt és Jövő |g 18.2007:2. p. 105-115. | |